Central Library OPAC University of Rajshahi

Economic biology for students of social science / (Record no. 11956)

MARC details
000 -LEADER
fixed length control field 00786cam a22002531 4500
001 - CONTROL NUMBER
control field 11956
003 - CONTROL NUMBER IDENTIFIER
rucl marc code BD-RjUL
005 - DATE AND TIME OF LATEST TRANSACTION
control field 20211208235218.0
008 - FIXED-LENGTH DATA ELEMENTS--GENERAL INFORMATION
fixed length control field 140127s1927 enka 001 0 eng c
035 ## - SYSTEM CONTROL NUMBER
System control number (BD-RjUL)12005
System control number (OCoLC)12323032
040 ## - CATALOGING SOURCE
Original cataloging agency Library, U.S. Dept. of Agrciulture
Transcribing agency OCLloyd
Modifying agency DLC
-- BD-RjUL
Language of cataloging eng
041 ## - LANGUAGE CODE
Language code of text/sound track or separate title eng
082 ## - DEWEY DECIMAL CLASSIFICATION NUMBER
Edition number 21
Classification number 333.9516
Author mark and year ESE 1927
100 1# - MAIN ENTRY--PERSONAL NAME
Personal name Esdaile, Philippa Chicheley.
9 (RLIN) 37069
245 10 - TITLE STATEMENT
Title Economic biology for students of social science /
Statement of responsibility, etc. Philippa C. Esdaile ...
260 ## - PUBLICATION, DISTRIBUTION, ETC. (IMPRINT)
Place of publication, distribution, etc. London :
Name of publisher, distributor, etc. University of London press, ltd.,
Date of publication, distribution, etc. 1927
300 ## - PHYSICAL DESCRIPTION
Pagination xv, 175 p. :
Illustrations illus. ;
Size 22 cm.
504 ## - BIBLIOGRAPHY, ETC. NOTE
Bibliography, etc Includes index.
650 #0 - SUBJECT ADDED ENTRY--TOPICAL TERM
Topical term or geographic name as entry element Biology, Economic.
9 (RLIN) 37070
942 ## - ADDED ENTRY ELEMENTS (KOHA)
Source of classification or shelving scheme Dewey Decimal Classification
Koha item type Books
Holdings
Lost status Source of classification or shelving scheme Damaged status Not for loan Collection code Permanent Location Current Location Shelving location Date acquired Source of acquisition Total Checkouts Full call number Date last seen Copy number Koha item type
  Dewey Decimal Classification   Not For Loan Non-fiction Central Library, University of Rajshahi Central Library, University of Rajshahi Reading Room 11/05/1976 BNBC   333.9516 ESE 1927 27/01/2014 C-1 Books